00483nam a2200181 a 4500001001300000003000900013005001700022008004100039020002300080082001500103100001500118245005600133260003100189300000900220500003500229650002200264700001500286nice12345678IN_TiNIC20260116014520.0100108s2010 dela grp 000 0 eng  a9788189110222c79500a305.4bJOS aJoshi, Ila aWomen Networkingb Its Applications and Implication aDelhi bWomen Press c2010 a211p aincludes index and biblioraphy aWomen-Empowerment1 aJoshi, Ila